000 00870cam a22002534a 4500
001 12028074
005 20180308033518.0
008 000602s2000 nyua b 001 0 eng
010 _a 00044643
020 _a0415925010
020 _a0415925029 (pbk.)
040 _aDLC
_cDLC
_dDLC
041 _aeng
042 _apcc
080 _a306.46
082 0 0 _a306.46 HER
_221
100 _a50
101 _aSOC
245 0 4 _aThe World Wide Web and contemporary cultural theory /
_cedited by Andrew Herman & Thomas Swiss.
504 _aIncludes bibliographical references (p. [277]-296) and index.
906 _a7
_bcbc
_corignew
_d1
_eocip
_f20
_gy-gencatlg
942 _2ddc
_cBK
999 _c44377
_d44377